000 00597nam a2200253Ia 4500
005 20260123164118.0
008 008 260114s9999 xx 000 0 eng d
020 _a9789354433238
037 _aEBOOK
040 _aCRL
040 _beng
040 _cCRL
041 _2eng
041 _aeng
084 _qCRL
100 _aCHIPLUNKAR, NIRANJAN N., KOTARI, MANJUNATH
_91106052
245 0 _aVLSI CAD
260 _bPHI
260 _c2011
856 _uhttps://elibrary.phindia.com/ebooks/reader/9789354433238du
942 _cEBOOK
999 _c1671175
_d1671175